000 00302nam a2200121Ia 4500
008 241028s9999 xx 000 0 und d
041 _aeng
082 _a302.35 NEL
100 _aNelson/ Quick
245 _aOrgb With Mindtap
260 _bCengage Learning India
_aDehli
_c2022
300 _a378;. P. 28 cm
999 _c42986
_d42986